Текст томруулах:    
The World history of Rashid al Din (Бичлэгийн дугаар. 144465)
000 -УДИРДЛАГА
Удирдлага 01818nam a2200313 4500
003 - ХЯНАЛТЫН ТОО ТОДОРХОЙЛОГЧ
Код MN-UlNUM
005 - БИЧИЛТ ХИЙСЭН ОГНОО
Тухайн бичилтийг бичсэн засварласан сүүлийн огноо 20251021135710.0
008 - ЕРӨНХИЙ МЭДЭЭЛЭЛ
Ерөнхий мэдээлэл 251014s1978 af||b |||| 001 | eng d
020 ## - ISBN
ISBN 9780571109180
040 ## - БИЧЛЭГ ҮҮСГЭГЧ БАЙГУУЛЛАГА
Бичлэг үүсгэгч номын сангийн код МУИС-ийн номын сан
084 ## - ББК АНГИЛАЛ
Нэмэлт тусгалт Нэг сэдэвт бүтээл
Мэдлэгийн ялгаа 85 - Урлаг
ББК ангилал 85+63.3(5Irn)
Зохиогчийн гурван тэмдэгт G 76
100 1# - ЗОХИОГЧ
Зохиогчийн нэр Gray, Basil
245 14 - ҮНДСЭН ГАРЧИГ
Номын нэр The World history of Rashid al Din
Бага гарчгийн мэдээ A study of the Royal Asiatic Society manuscript
260 ## - ГАРАЛТЫН МЭДЭЭ
Хэвлэгдсэн газар London
Хэвлэлийн газар Faber & Faber
Хэвлэгдсэн он 1978
300 ## - МАТЕРИАЛЫН ТОДОРХОЙЛОЛТ
хуудасны тоо 40 p., [19] leaves of plates :
Бусад тоон мэдээлэл ill. ;
Хэмжээ 29 cm
500 ## - Тайлбар
Дансны дугаар ГФ 20896
505 ## - Агуулгын тэмдэглэгээ
Агуулгын тэмдэглэгээ Professor David Talbot Rice of the University of Edinburgh planned to publish two companion monographs on The World History of Rashid al-Din, based on manuscripts in Edinburgh and the Royal Asiatic Society. He completed most of the first volume before his death in 1972, and it was later published by Edinburgh University Press in 1976. The second volume was taken up by Faber and Faber, with financial support from a fund established to promote British research on Iranian art. The Royal Asiatic Society manuscript is especially valuable because its miniatures were created in Rashid al-Din’s own scriptorium in Tabriz under his supervision. These paintings are important for understanding the development of Persian miniature art and the influence of Far Eastern and Christian traditions. The book thus contributes to both art history and the study of Persian cultural heritage.
546 ## - ХЭЛНИЙ ТУХАЙ МЭДЭЭ
Хэл Англи хэл дээр,
653 ## - Түлхүүр үг
Түлхүүр үг art
653 ## - Түлхүүр үг
Түлхүүр үг history of Iran
653 ## - Түлхүүр үг
Түлхүүр үг Rashid al-Din Tabib
653 ## - Түлхүүр үг
Түлхүүр үг Illumination of books and manuscripts, Iranian
740 ## - НОМЫН ГАРЧИГ
Гарчиг The world history of Rashid Al-Din
740 ## - НОМЫН ГАРЧИГ
Гарчиг The manuscript
740 ## - НОМЫН ГАРЧИГ
Гарчиг The Miniatures
942 ## - ЭЛЕМЕНТИЙН ТӨРӨЛ
Зүйлийн төрөл Ном